US Marine Corps Rank Abbreviations - Statistics

General Stats
  • This quiz has been taken 325 times
  • The average score is 19 of 22
Answer Stats
Hint Answer % Correct
Pvt. E-1 Private
100%
Sgt. E-5 Sergeant
96%
Cpl. E-4 Corporal
95%
Maj. O-4 Major
94%
Capt. O-3 Captain
93%
PFC. E-2 Private First Class
93%
SgtMaj. E-9 Sergeant Major
93%
1stSgt. E-8 First Sergeant
91%
SSgt. E-6 Staff Sergeant
91%
Gen. O-10 General
90%
MajGen. O-8 Major General
90%
Col. O-6 Colonel
88%
MSgt. E-8 Master Sergeant
88%
LCpl. E-3 Lance Corporal
87%
1stLt. O-2 First Lieutenant
85%
GySgt. E-7 Gunnery Sergeant
85%
LtCol. O-5 Lieutenant Colonel
85%
2ndLt. O-1 Second Lieutenant
85%
LtGen. O-9 Lieutenant General
83%
MGySgt. E-9 Master Gunnery Sergeant
83%
SgtMajMarCor. E-9 Sergeant Major of the Marine Corps
77%
BGen. O-7 Brigadier General
74%
No matching quizzes found
Score Distribution
Percent of People with Each Score
Percentile by Number Answered
Your Score History
You have not taken this quiz